<?xml version="1.0" encoding="UTF-8"?>
<record
    xmlns:xsi="http://www.w3.org/2001/XMLSchema-instance"
    xsi:schemaLocation="http://www.loc.gov/MARC21/slim http://www.loc.gov/standards/marcxml/schema/MARC21slim.xsd"
    xmlns="http://www.loc.gov/MARC21/slim">

  <leader>02423nam a2200349 a 4500</leader>
  <controlfield tag="001">ASIN1845113934</controlfield>
  <controlfield tag="003">OSt</controlfield>
  <controlfield tag="005">20170105102905.0</controlfield>
  <controlfield tag="008">131022s2007    xxu                 eng d</controlfield>
  <datafield tag="020" ind1=" " ind2=" ">
    <subfield code="a">1845113934 (hardcover)</subfield>
    <subfield code="c">$115.00</subfield>
  </datafield>
  <datafield tag="020" ind1=" " ind2=" ">
    <subfield code="a">9781845113933 (hardcover)</subfield>
  </datafield>
  <datafield tag="040" ind1=" " ind2=" ">
    <subfield code="a">a</subfield>
  </datafield>
  <datafield tag="050" ind1="0" ind2="4">
    <subfield code="a">DS63.2.U5</subfield>
  </datafield>
  <datafield tag="082" ind1="0" ind2="4">
    <subfield code="a">327.73</subfield>
    <subfield code="b">BAR 2007</subfield>
  </datafield>
  <datafield tag="100" ind1="1" ind2=" ">
    <subfield code="a">Barrett, Roby C.</subfield>
  </datafield>
  <datafield tag="245" ind1="1" ind2="4">
    <subfield code="a">The greater middle east and the cold war :</subfield>
    <subfield code="b">us foreign policy under eisenhower and kennedy /</subfield>
    <subfield code="c">Roby C. Barrett.</subfield>
  </datafield>
  <datafield tag="260" ind1=" " ind2=" ">
    <subfield code="a">[S.l.] :</subfield>
    <subfield code="b">I. B. Tauris,</subfield>
    <subfield code="c">2007.</subfield>
  </datafield>
  <datafield tag="300" ind1=" " ind2=" ">
    <subfield code="a">496 p. ;</subfield>
    <subfield code="c">24 cm.</subfield>
  </datafield>
  <datafield tag="490" ind1="1" ind2=" ">
    <subfield code="a">Library of international relations.</subfield>
  </datafield>
  <datafield tag="520" ind1=" " ind2=" ">
    <subfield code="a">At the height of the Cold War, the US sought to maintain power and influence in the Greater Middle East - the region from Morocco to India -in the context of a growing threat from Russia and the decline of British imperialism.&#xFFFD; This original and important study illuminates this tense period in international relations, offering many new insights into the global situation of the 1950s and 1960s. &#xFFFD; Roby Barrett casts fresh light on US foreign policy under Eisenhower and Kennedy, drawing on extensive research in archives and document collections from Kansas to Canberra and numerous interviews with key policy makers and observers from both the Eisenhower and Kennedy administrations.&#xFFFD; He explores the application of the Cold War containment policy through economic development and security assistance, highlighting the fundamental similarities between the goals and application of foreign policy in the Eisenhower and Kennedy administrations as well as the impact of British influence on the process.&#xFFFD;&#xFFFD; And in the process this book draws some unexpected conclusions, arguing that Eisenhower's policies were ultimately more successful than Kennedy's, and offers an important and revisionist contribution to our understanding of the Cold War and the Middle East.</subfield>
  </datafield>
  <datafield tag="650" ind1=" " ind2="0">
    <subfield code="a">Cold War (1945-1989)</subfield>
  </datafield>
  <datafield tag="650" ind1=" " ind2="0">
    <subfield code="a">Eisenhower, Dwight D. (Dwight David), 1890-1969</subfield>
  </datafield>
  <datafield tag="650" ind1=" " ind2="0">
    <subfield code="a">International relations</subfield>
  </datafield>
  <datafield tag="650" ind1=" " ind2="0">
    <subfield code="a">Kennedy, John F. (John Fitzgerald), 1917-1963</subfield>
  </datafield>
  <datafield tag="650" ind1=" " ind2="0">
    <subfield code="a">Middle East</subfield>
  </datafield>
  <datafield tag="650" ind1=" " ind2="0">
    <subfield code="a">Political science</subfield>
  </datafield>
  <datafield tag="650" ind1=" " ind2="0">
    <subfield code="a">United States</subfield>
  </datafield>
  <datafield tag="650" ind1=" " ind2="0">
    <subfield code="a">World politics</subfield>
  </datafield>
  <datafield tag="830" ind1=" " ind2="0">
    <subfield code="a">Library of international relations.</subfield>
  </datafield>
  <datafield tag="856" ind1="4" ind2="0">
    <subfield code="3">Amazon.com</subfield>
    <subfield code="u">http://www.amazon.com/exec/obidos/ASIN/1845113934/chopaconline-20</subfield>
  </datafield>
  <datafield tag="942" ind1=" " ind2=" ">
    <subfield code="2">ddc</subfield>
    <subfield code="c">BK</subfield>
  </datafield>
  <datafield tag="999" ind1=" " ind2=" ">
    <subfield code="c">14845</subfield>
    <subfield code="d">14845</subfield>
  </datafield>
  <datafield tag="952" ind1=" " ind2=" ">
    <subfield code="0">0</subfield>
    <subfield code="1">0</subfield>
    <subfield code="4">0</subfield>
    <subfield code="7">0</subfield>
    <subfield code="8">NFIC</subfield>
    <subfield code="a">CIPS</subfield>
    <subfield code="b">CIPS</subfield>
    <subfield code="c">GEN</subfield>
    <subfield code="d">2013-10-02</subfield>
    <subfield code="l">0</subfield>
    <subfield code="o">327.73 BAR 2007</subfield>
    <subfield code="p">CIPS0002185</subfield>
    <subfield code="r">2013-10-22</subfield>
    <subfield code="w">2013-10-22</subfield>
    <subfield code="y">BK</subfield>
  </datafield>
</record>
